LEADER 02590oam 2200469 c 450 001 996320735903316 005 20220221094418.0 024 3 $a9783830988137 035 $a(CKB)4570000000000121 035 $a(Waxmann)9783830988137 035 $a(EXLCZ)994570000000000121 100 $a20220221d2018 uy 0 101 0 $ager 135 $aurnnunnnannuu 181 $ctxt$2rdacontent 182 $cc$2rdamedia 183 $acr$2rdacarrier 200 00$aDigitale Souvera?nita?t und Bildung$eGutachten$b[electronic resource]$fvbw - Vereinigung der Bayerischen Wirtschaft e.V 205 $a1st, New ed. 210 $aMu?nster$cWaxmann$d2018 215 $a1 online resource (292 p.) 311 $a3-8309-8813-3 311 $a3-8309-3813-6 330 $aDie sich derzeit vollziehende digitale Transformation durchdringt nahezu alle Lebensbereiche. Der souvera?ne Umgang mit digitalen Medien wird damit zur unumga?nglichen Grundlage aller Bildungsprozesse und zur Voraussetzung dafu?r, die nachwachsende Generation auf die sich wandelnden Anforderungen in Beruf und Gesellschaft vorzubereiten. In seinem aktuellen Gutachten analysiert der Aktionsrat Bildung, welche spezifischen Lernziele sich aus dieser Entwicklung fu?r die jeweiligen Altersstufen und die zugeho?rigen Bildungsphasen ergeben. Anhand des Begriffs der digitalen Souvera?nita?t wird verdeutlicht, dass digitale Bildung stets auch eine ethisch-reflexive Komponente beinhalten muss. Zur Konkretisierung dieser Zielformulierungen richtet der Aktionsrat Bildung abschließend allgemeine wie auch bildungsphasenspezifische Handlungsempfehlungen an die politischen Entscheidungstra?ger. 330 1 $aDas Gutachten wird sowohl bei Fachleuten wie in der breiten O?ffentlichkeit die verdiente Beachtung finden. Sehr hilfreich ist, dass die Autoren die erzielten Zwischenergebnisse zusammengefasst haben. Auf diese Weise wird die Lektu?re auch fu?r "Nichtexperten" erleichtert. - Gottfried Kleinschmidt 606 $adigitale Medien 606 $adigitale Bildung 606 $aBildungswesen 606 $aAktionsrat Bildung 606 $aAllgemeine Erziehungswissenschaft 615 4$adigitale Medien 615 4$adigitale Bildung 615 4$aBildungswesen 615 4$aAktionsrat Bildung 615 4$aAllgemeine Erziehungswissenschaft 702 $avbw - Vereinigung der Bayerischen Wirtschaft e.V$4edt 801 0$bWaxmann 801 1$bWaxmann 906 $aBOOK 912 $a996320735903316 996 $aDigitale Souvera?nita?t und Bildung$92780396 997 $aUNISA LEADER 00828nam a2200229 i 4500 001 991004373110807536 005 20250403132534.0 008 250403s1992 it er 000 0 ita d 020 $a8820476673 040 $aBibl. Dip.le Aggr. Scienze Giuridiche - Sez. Studi Giuridici$bita$cSocioculturale Scs 041 0 $aita 082 04$a324.245074$223 100 1 $aRapone, Leonardo$0141749 245 10$aDa Turati a Nenni :$bil socialismo italiano negli anni del fascismo /$cLeonardo Rapone 260 $aMilano :$bAngeli,$cc1992 300 $a345 p. ;$c22 cm 490 1 $aLa società moderna e contemporanea. AC ;$v29 610 24$aPartito socialista italiano$y1926-1943$xStoria 830 3$aLa società moderna e contemporanea.$pAC ;$v29 912 $a991004373110807536 996 $aDa Turati a Nenni$9969722 997 $aUNISALENTO